| Tag |
First Indicator |
Second Indicator |
Subfields |
| LEADER |
00000cem a2200000 i 4500 |
| 001 |
in00003598693 |
| 005 |
20211120173256.0 |
| 006 |
m o d f |
| 007 |
aj cznzn |
| 007 |
cr cn||||||||| |
| 008 |
150819s2008 vauagi zzba fo 1 eng c |
| 034 |
0 |
|
|a a
|
| 035 |
|
|
|a (OCoLC)ocn918944764
|
| 040 |
|
|
|a GPO
|b eng
|e rda
|e pn
|c GPO
|d MvI
|d UtOrBLW
|
| 042 |
|
|
|a pcc
|
| 043 |
|
|
|a zve----
|
| 049 |
|
|
|a WWW
|
| 052 |
|
|
|a 3182
|b V4
|
| 074 |
|
|
|a 0619-G-33 (online)
|
| 086 |
0 |
|
|a I 19.91/3:3023
|
| 100 |
1 |
|
|a Basilevsky, Alexander,
|e cartographer.
|0 http://id.loc.gov/authorities/names/n82138597
|
| 245 |
1 |
0 |
|a Geologic map of the Beta Regio quadrangle (V-17), Venus /
|c by Alexander Basilevsky ; prepared for the National Aeronautics and Space Administration.
|
| 246 |
1 |
|
|i Title from margin:
|a Atlas of Venus: Beta Regio quadrangle (V-17)
|
| 250 |
|
|
|a Version 1.0.
|
| 255 |
|
|
|a Scale 1:4,711,866 (1 mm = 4.712 km) at 25° and 1:5,000,000 at 34° and 73° latitudes ;
|b Lambert projection.
|
| 264 |
|
1 |
|a [Reston, Va.] :
|b U.S. Department of the Interior, U.S. Geological Survey,
|c 2008.
|
| 300 |
|
|
|a 1 online resource (1 map) :
|b color +
|e 1 pamphlet (33 pages).
|
| 336 |
|
|
|a cartographic image
|b cri
|2 rdacontent
|
| 337 |
|
|
|a computer
|b c
|2 rdamedia
|
| 338 |
|
|
|a online resource
|b cr
|2 rdacarrier
|
| 490 |
1 |
|
|a Scientific investigations map,
|v 3023
|
| 500 |
|
|
|a Relief shown by contours, spot heights, and pictorially.
|
| 500 |
|
|
|a Coordinates shown as W 270© -- E 300©/N 50© -- S 25©.
|
| 500 |
|
|
|a Includes 1 quadrangle location map, 8 ancillary maps (some color), 2 ancillary remote-sensing maps, and 1 lithologic column.
|
| 504 |
|
|
|a Includes bibliographical references (pages 14-18 of pamphlet).
|
| 650 |
|
7 |
|a Geology.
|2 fast
|0 (OCoLC)fst00940627
|
| 651 |
|
0 |
|a Venus (Planet)
|x Geology
|v Maps.
|
| 651 |
|
7 |
|a Venus (Planet)
|2 fast
|0 (OCoLC)fst01242235
|
| 655 |
|
7 |
|a Maps.
|2 fast
|0 (OCoLC)fst01423704
|
| 655 |
|
7 |
|a Remote-sensing maps.
|2 lcgft
|0 http://id.loc.gov/authorities/genreForms/gf2011026531
|
| 710 |
2 |
|
|a Geological Survey (U.S.),
|e issuing body.
|0 http://id.loc.gov/authorities/names/n80092173
|
| 710 |
1 |
|
|a United States.
|b National Aeronautics and Space Administration,
|e sponsoring body.
|0 http://id.loc.gov/authorities/names/n78087581
|
| 776 |
0 |
8 |
|i Print version:
|a Basilevsky, Alexander.
|t Geologic map of the Beta Regio quadrangle (V-17), Venus.
|w (OCoLC)268988293
|
| 830 |
|
0 |
|a Scientific investigations map ;
|v 3023.
|0 http://id.loc.gov/authorities/names/no2004050660
|
| 856 |
4 |
0 |
|u https://purl.fdlp.gov/GPO/gpo60061
|t 0
|
| 999 |
f |
f |
|s 9a40ad0d-530d-3d38-895d-d4a4c0aa5bcd
|i de6cdf3c-a1ee-3875-aed4-f4d06aaea286
|t 0
|
| 952 |
f |
f |
|a Texas A&M University
|b College Station
|c Electronic Resources
|d Available Online
|t 0
|e I 19.91/3:3023
|h Superintendent of Documents classification
|
| 998 |
f |
f |
|a I 19.91/3:3023
|t 0
|l Available Online
|